000 00550 a2200169 4500
999 _c7563
_d7563
020 _a9781788540049
050 0 0 _aHM 1033 AND 2018
100 1 _aAndress, David
_eauthor
245 1 0 _aCultural dementia :
_bhow the West has lost its history, and risks losing everything else /
_cDavid Andress
264 1 _aLondon :
_bHead of Zeus,
_c2018
264 4 _c♭2018
300 _a168p.:
500 _aIncludes bibliographical references
504 _aIncludes bibliographical references
650 0 _aCollective memory.
942 _2lcc
_cBK
_h1033
_iAND
_kHM